Anales de antropología
| Corporate Authors: | , , |
|---|---|
| Format: | Electronic Serial |
| Language: | Spanish |
| Published: |
México [D.F.] :
Instituto de Investigaciones Historicas, Universidad Nacional Autónoma de México,
1964-1979.
|
| Series: | Publicación (Universidad Nacional Autónoma de México. Instituto de Investigaciones Históricas)
|
| Subjects: | |
| Online Access: | Full text available from PRISMA Database with HAPI Index: 01/01/1991 to 12/31/1996 Full text available from PRISMA Database with HAPI Index: 01/01/2000 to 12/31/2005 Full text available from PRISMA Database with HAPI Index: 01/01/2009 to 01/31/2017 |
MARC
| LEADER | 00000nas a2200000 a 4500 | ||
|---|---|---|---|
| 001 | ssj0000496009 | ||
| 003 | WaSeSS | ||
| 005 | 20200512172242.0 | ||
| 006 | m d | ||
| 007 | cr n | ||
| 008 | 100322c19649999mx ar s 0 b0spa c | ||
| 010 | |a 2018219068 |z 65047759 |z sn 84044791 |z 91641883 | ||
| 016 | 7 | |a 2591804-7 |2 DE-600 | |
| 016 | 7 | |a 100966598 |2 DNLM | |
| 016 | 7 | |a 009831126 |2 Uk | |
| 022 | |a 2448-6221 |l 0185-1225 |y 0185-1225 | ||
| 035 | |a (WaSeSS)ssj0000496009 | ||
| 040 | |a OCLCE |b eng |c OCLCE |d HEBIS |d OCLCQ |d OCLCF |d OCLCO |d OCLCQ |d OCLCS |d COO |d LND |d FIE |d DLC |d VT2 |d UEJ |d U3W |d DLC |d CUS |d WaSeSS | ||
| 042 | |a dlr |a pcc | ||
| 050 | 4 | |a GN4 |b .A57 | |
| 082 | 0 | 4 | |a 301.05 |b A532 |
| 222 | 0 | |a Anales de antropología |b (en línea) | |
| 245 | 0 | 0 | |a Anales de antropología |h [electronic resource]. |
| 260 | |a México [D.F.] : |b Instituto de Investigaciones Historicas, Universidad Nacional Autónoma de México, |c 1964-1979. | ||
| 310 | |a Annual | ||
| 362 | 0 | |a Vol. 1 (1964)-v. 16 (1979). | |
| 490 | 1 | |a Vol. 1-10: Instituto de Investigaciones Históricas. Publicaciones de antropología | |
| 506 | |a License restrictions may limit access. | ||
| 515 | |a Between years 1982-1983 split into separate parts: Anales de antropología. I, Arqueología y antropología física, and: Anales de antropología. II, Etnología y lingüística. | ||
| 538 | |a Master and use copy. Digital master created according to Benchmark for Faithful Digital Reproductions of Monographs and Serials, Version 1. Digital Library Federation, December 2002. |u http://purl.oclc.org/DLF/benchrepro0212 |5 MiAaHDL | ||
| 550 | |a Vol. 1-10 issued by the Sección de Antropología; v. 11-16 by the Instituto de Investigaciones Antropológicas. | ||
| 555 | |a Vol. 1 (1964)-v. 12 (1975). | ||
| 583 | 1 | |a digitized |c 2010 |h HathiTrust Digital Library |l committed to preserve |2 pda |5 MiAaHDL | |
| 588 | |a Description based on print version record. | ||
| 650 | 0 | |a Anthropology |v Periodicals. | |
| 650 | 7 | |a Anthropology. |2 fast |0 (OCoLC)fst00810196 | |
| 655 | 0 | |a Electronic journals. | |
| 710 | 2 | |a Universidad Nacional Autónoma de México. |b Sección de Antropología. | |
| 710 | 2 | |a Universidad Nacional Autónoma de México. |b Instituto de Investigaciones Antropológicas. | |
| 710 | 2 | |a Universidad Nacional Autónoma de México. |b Instituto de Investigaciones Históricas. | |
| 776 | 0 | 8 | |i Print version: |t Anales de antropología |x 0185-1225 |w (DLC) 65047759 |w (OCoLC)1481058 |
| 830 | 0 | |a Publicación (Universidad Nacional Autónoma de México. Instituto de Investigaciones Históricas) | |
| 856 | 4 | 0 | |z Full text available from PRISMA Database with HAPI Index: 01/01/1991 to 12/31/1996 |u https://search.proquest.com/publication/21283 |
| 856 | 4 | 0 | |z Full text available from PRISMA Database with HAPI Index: 01/01/2000 to 12/31/2005 |u https://search.proquest.com/publication/21283 |
| 856 | 4 | 0 | |z Full text available from PRISMA Database with HAPI Index: 01/01/2009 to 01/31/2017 |u https://search.proquest.com/publication/21283 |